Представление документа в формате RUSMARC

ПолеНазваниеЗначение
  Тип записи a
  Библиографический уровень m
001 Контрольный номер RU/IS/BASE/417699612
005 Дата корректировки 20240207193132.3
010 Индекс ISBN __
d Цена 800 р. 00 к.
b Уточнения в суперобл.
9 Тираж 50000 экз.
100 Данные общей обработки __
a Данные общей обработки 20130327d2013 ||| 0rusy0189 ca
101 Язык документа 0_
a Язык текста rus
102 Страна публикации __
a Страна публикации RU
105 Кодированные данные (монография) __
a Кодированные данные (монография) y###||||000|y
200 Заглавие и сведения об ответственности 1_
a Заглавие Лекарственные растения Ульяновской области
b Общее обозначение материала Текст
f Первые сведения об ответственности В. И. Костин, С. П. Корнилов
f Первые сведения об ответственности худож. А. Б. Сергеев
210 Выходные данные 1_
a Место издания Ульяновск
c Издательство Симбирская книга
d Дата издания 1993
215 Физическое описание __
a Объем 224 с.
d Формат 20,5 см.
606 Тематические рубрики 1_
a Основная рубрика Растения лекарственные - Ульяновская область
610 Ключевые слова 1_
a Ключевые слова растения лекарственные
a Ключевые слова растения Ульяновской области
a Ключевые слова травы лекарственные
a Ключевые слова фитотерапия
a Ключевые слова лечение травами
a Ключевые слова область Ульяновская
686 Индексы других классификаций __
a Классификационный индекс 42.1
2 Код системы rubbk
700 Автор _1
a Фамилия Костин
b Имя (инициалы) Владимир Ильич
701 Альтернативная интеллектуальная ответственность _1
a Фамилия Корнилов
b Имя (инициалы) Сергей Павлович
801 Источник записи _0
a Страна RU
b Организация Ульяновская ОБДЮ
c Дата составления 20130327
g Правила каталогизации RCR
801 Источник записи _1
a Страна RU
b Организация Ульяновская ОБДЮ
c Дата составления 20130327
g Правила каталогизации RCR
852 Данные о местонахождении __
a Наименование организации Ульяновская ОБДЮ
i Авторский знак К 72
j Шифр хранения 42
901 Тип документа __
t Тип документа m
910 Корректоры записи __
a Корректор записи Лифанова А.
919 __
a Лифанова А.
938 Служебная информация __
a Имя БД MarkBase